000 00737nam a2200265Ia 4500
003 OSt
005 20220928115247.0
006 a|||||r|||| 00| 0
007 ta
008 220927b |||||||| |||| 00| 0 eng d
020 _c2832.0900000000001
024 _a124234
037 _b96, 22/08/2014, Vardhman Books
_cTextual
040 _aSDCL
_cSDCL
_beng
041 _2eng
_aeng
082 _aB37, Q4
100 _aDyer R.H
_9443555
245 0 _aFrom real to complex analysis
260 _aCham
_bSpringer
_c2014
300 _ax;332p.
_ccm.
650 _aMathematics
700 _a Edmunds D.E
942 _hB37, Q4
_cTEXL
_2CC
999 _c758693
_d758693